LDR 00668naa#a2200181#i#450# 001 EN\INFRA-M\bibl\115646 005 20260418132245.6 011 ## _a2500-333X 100 ## _a20260325b2026####ek#y0engy0150####ca 102 ## _aRU 200 1# _aForced expropriation of property: theoretical and practical aspects of distinguishing nationalization, confiscation, and requisition _eJournal article 210 1# _aMoscow _cINFRA-M Academic Publishing LLC. _d2026 215 ## _a4 с. 608 ## _aJournal article _2local 675 ## _aПраво. Юридические науки. 34 _z 700 #1 _aLitovchenko _gTat'yana Aleksandrovna 700 #1 _aMelnichenko _gMarina Sergeevna 856 4# _azh-szf.ru _u